Harry Styles - The Waiting Game - All lyrics - Statistics

General Stats
  • This quiz has been taken 23 times
  • The average score is 127 of 162
Answer Stats
Answer % Correct
game
100%
the
100%
waiting
100%
You
100%
you
100%
your
100%
a
93%
A
93%
to
93%
And
86%
and
86%
by
86%
it
86%
Playing
86%
you've
86%
arms
79%
around
79%
Do
79%
found
79%
go
79%
on
79%
someone
79%
up
79%
adds
71%
all
71%
been
71%
But
71%
lately
71%
little
71%
nothing
71%
off
71%
put
71%
When
71%
with
71%
agency
64%
apologise
64%
apologise,
64%
Knowing
64%
make
64%
or
64%
overhonest
64%
tantalise
64%
titillate?
64%
top
64%
won't
64%
years
64%
can
57%
clown
57%
considering
57%
dry
57%
emotionally
57%
leave
57%
Oh-oh-oh
57%
personality,
57%
skimming
57%
stop
57%
table?
57%
try
57%
while
57%
always
50%
details,
50%
grade?
50%
ignore
50%
justify
50%
romanticise
50%
shortcomings,
50%
ballad
43%
design
43%
messing
43%
own
43%
Write
43%
tried
36%
any
0%
No matching quizzes found
Score Distribution
Percent of People with Each Score
Percentile by Number Answered
Your Score History
You have not taken this quiz